书目信息 |
| 题名: |
固体力学基础
|
|
| 作者: | 王仁 编 | |
| 分册: | ||
| 出版信息: | 北京 地质出版社 1979 |
|
| 页数: | 370页 | |
| 开本: | 26cm | |
| 丛书名: | ||
| 单 册: | ||
| 中图分类: | O34 | |
| 科图分类: | ||
| 主题词: | 固体力学--高等学校--教材 | |
| 电子资源: | ||
| ISBN: | ||
| 000 | 00568nam0 2200217 45 | |
| 001 | 0179009029 | |
| 005 | 20060817145257.31 | |
| 010 | @dCNY2.20 | |
| 100 | @a19950920d1979 em y0chiy0121 ea | |
| 101 | 0 | @achi |
| 102 | @aCN@b110000 | |
| 105 | @ay z 000yy | |
| 200 | 10 | @a固体力学基础@Agu ti li xue ji chu@f王仁编 |
| 210 | @a北京@c地质出版社@d1979 | |
| 215 | @a370页@d26cm | |
| 300 | @a高等学校试用教材 地质专业用 | |
| 606 | @a固体力学@x高等学校@x教材 | |
| 690 | @aO34@v3 | |
| 701 | 0 | @a王仁@Awang ren@4编 |
| 801 | 0 | @aCN@bTSSF@c20060817 |
| 905 | @a10447@dO34@e41 | |
| 固体力学基础/王仁编.-北京:地质出版社,1979 |
| 370页;26cm |
| 高等学校试用教材 地质专业用 |
| ISBN :CNY2.20 |
| ● |
| 相关链接 |
|
|
|
|
正题名:固体力学基础
索取号:O34/41
 
预约/预借
| 序号 | 登录号 | 条形码 | 馆藏地/架位号 | 状态 | 备注 |
| 1 | 0468428 | 204684289 | 密集书库/ [索取号:O34/41] | 在馆 |